| 000 | 00438 a2200121 4500 | ||
|---|---|---|---|
| 020 | _a0309088038 | ||
| 022 | _a00775614 | ||
| 082 | _a363.125 DOR | ||
| 100 | _aDornan, Daniel L. | ||
| 245 |
_aNCHRP Report 525 Surface Transportation Security Vol 3 Incorporating Security into the Transportation Planning Process / _cDaniel L. Dornan |
||
| 260 |
_aWashington : _bTransportation Research Board, _c2005 |
||
| 300 |
_avarious Pages _bill. ; _c30 cm |
||
| 650 | _aTransportation | ||
| 999 |
_c2179 _d2179 |
||